ბათუმის შოთა რუსთაველის სახელმწიფო უნივერსიტეტის ბიბლიოთეკა

სამშენებლო წარმოების ორგანიზაცია, დაგეგმვა და მართვა : (ბიბ.ჩანაწერი № 39055)

000 -ლიდერი
ფიქსირებული სიგრძის საკონტროლო ველი 01201nam a2200205Ia 4500
001 - საკონტროლო ნომერი
საკონტროლო ველი 5586
003 - საკონტროლო ნომრის იდენტიფიკატორი
საკონტროლო ველი GE_BSU
005 - ბოლო ოპერაციის თარიღი და დრო
საკონტროლო ველი 20190507114144.0
008 - ფიქსირებული სიგრძის მონაცემთა ელემენტები - ზოგადი ინფორმაცია
ფიქსირებული სიგრძის საკონტროლო ველი 181216s1985||||ge |||||||||||||| ||geo||
040 ## - კატალოგიზაციის წყარო
Transcribing agency GE_BSU
041 ## - ენის კოდი
Language code of text/sound track or separate title geo
080 ## - უნივერსალური ათობითი კლასიფიკაციის ინდექსი
Universal Decimal Classification number 69(075.8) : 658 ს-24
245 ## - ცნობა სათაურის შესახებ
Title სამშენებლო წარმოების ორგანიზაცია, დაგეგმვა და მართვა :
Remainder of title სახელმძღვ. /
Statement of responsibility, etc ი. გ .გალკინის საერთო რედაქციით ; მთარგმნ. ი. შენგელია ; ქართ. თარგმ. რედ. ა. კუჭუხიძე.
264 ## - წარმოების, გამოცემის, დისტრიბუციის და სხვა ცნობები
გამოცემის, წარმოების, დისტრიბუციის... ადგილი თბილისი :
გამოცემის, წარმოების, დისტრიბუციის... სახელწოდება უნ-ტის გამ-ბა,
გამოცემის, წარმოების, დისტრიბუციის... თარიღი 1985.
300 ## - ფიზიკური აღწერა
Extent 556 გვ. :
Other physical details ილ. ;
Dimensions 22 სმ.
653 ## - INDEX TERM--UNCONTROLLED
Uncontrolled term სამშენებლო წარმოების ორგანიზაცია, დაგეგმვა და მართვა
700 ## - ADDED ENTRY--PERSONAL NAME
Personal name შენგელია, ი.
Relator term მთარგმნელი
9 (RLIN) 820
700 ## - ADDED ENTRY--PERSONAL NAME
Personal name კუჭუხიძე, ა.
Relator term ქართული თარგმანის რედაქტორი
9 (RLIN) 821
942 ## - ADDED ENTRY ELEMENTS (KOHA)
Koha item type წიგნი
Source of classification or shelving scheme
ეგზემპლარები
ჩამოწერის სტატუსი დაკარგული ეგზემპლარის სტატუსი კლასიფიკაციის წყარო ან თაროზე გაწყობის სქემა დაზიანების სტატუსი არ გაიცემა მუდმივი მდებარეობა (დაცვის ადგილი) ამჟამინდელი ადგილსამყოფელი თაროზე განთავსების ადგილი შეძენის თარიღი ღირებულება, შესყიდვის ნორმალური ფასი სრული შენახვის შიფრი შტრიხკოდი ბოლო ოპერაციის თარიღი ეგზემპლარის მიმდევრობითი ნომერი (კეტერი?) ფასის ძალაში შესვლის თარიღი ეგზემპლარის სახეობა საჯარო შენიშვნა
          ტექნოლოგიური ფაკულტეტის ბიბლიოთეკა ტექნოლოგიური ფაკულტეტის ბიბლიოთეკა წიგნსაცავი 2018-12-17 3.20 69(075.8) : 658 ს-24 11766 2018-12-17 11766 2018-12-17 წიგნი 3.20 ლ.
          ტექნოლოგიური ფაკულტეტის ბიბლიოთეკა ტექნოლოგიური ფაკულტეტის ბიბლიოთეკა წიგნსაცავი 2018-12-17 3.20 69(075.8) : 658 ს-24 11767 2018-12-17 11767 2018-12-17 წიგნი 3.20 ლ.
          ტექნოლოგიური ფაკულტეტის ბიბლიოთეკა ტექნოლოგიური ფაკულტეტის ბიბლიოთეკა წიგნსაცავი 2019-05-07 3.20 69(075.8) : 658 ს-24 11774 2019-05-07 11774 2019-05-07 წიგნი 3.20 ლ.